000 01302cam a2200265 4500
001 ABS64464
008 011004n2001 000 0 eng u
035 _a(Sirsi) u115003
100 _aCarey Miller, D.L.
245 _aRestitution of art and cultural objects: a reassessment of the role of limitation
260 _c2001
490 _aArt Antiquity and Law
_v6(1) March 2001, 1-17(17)
520 _aConsiders the case for the introduction of special limitation periods for the restitution of stolen cultural property in the UK. At present no special provision exists in England or Scotland. Considers examples of international regimes, including one in California, which do provide for special limitation periods. Discusses whether the UK should adopt a sui generis limitation period. Cites recent official British thinking, which largely supports the case for special provision. Contends the case for legislation is a strong one, and presents some starting points for English and Scottish discussion.
590 _aABS
650 _aRESTITUTION
650 _aLIMITATION PERIOD
650 _aCULTURAL OBJECTS
650 _aART
650 _aENGLAND
650 _aSCOTLAND
690 _aArts and antiques
_96217
700 _aMeyers, D.W.
700 _aCowe, A.L.
942 _n0
999 _c68484
_d68484